[Event "Oberursel Anderssen Memorial 1st"]
[Site "Oberursel"]
[Date "2018.09.02"]
[Round "2"]
[White "Neurohr, Juergen"]
[Black "Riha, Peter"]
[Result "1-0"]
[WhiteElo "2076"]
[BlackElo "1714"]
[PlyCount "59"]
[EventDate "2018.09.01"]
[EventType "swiss"]
[EventRounds "7"]
[EventCountry "GER"]
[SourceTitle "CBM 186 Extra"]
[Source "ChessBase"]
[SourceDate "2018.08.24"]
[SourceVersion "1"]
[SourceVersionDate "2018.08.24"]
[SourceQuality "1"]

1. c4 e5 2. g3 Nf6 3. Bg2 d5 4. cxd5 Nxd5 5. Nc3 Nb6 6. Nf3 Nc6 7. 0-0 Be7 8. d3 0-0 9. a3 Be6 10. b4 f5 11. Bb2 Bf6 12. Nd2 Rb8 13. Nb3 Nd7 14. Na4 Ne7 15. Nbc5 Nxc5 16. Nxc5 Bd5 17. e4 fxe4 18. dxe4 Bf7 19. Nd7 Be6 20. Nxf8 Qxd1 21. Rfxd1 Kxf8 22. Rac1 c6 23. Rd6 Bb3 24. Bh3 Nc8 25. Rd3 Ba4 26. Bxe5 Bxe5 27. Rd8+ Kf7 28. Rxc8 Rxc8 29. Bxc8 Bb2 30. Rb1 1-0

[Event "Schleswig Holstein-ch Seniors op 11th"]
[Site "Buesum"]
[Date "2017.09.16"]
[Round "9"]
[White "Riha, Peter"]
[Black "Merettig, Georg"]
[Result "0-1"]
[WhiteElo "1736"]
[BlackElo "1814"]
[PlyCount "100"]
[EventDate "2017.09.08"]
[EventType "swiss"]
[EventRounds "9"]
[EventCountry "GER"]
[SourceTitle "EXT 2019"]
[Source "ChessBase"]
[SourceDate "2018.10.10"]
[SourceVersion "1"]
[SourceVersionDate "2018.10.10"]
[SourceQuality "1"]

1. d4 Nc6 2. Nf3 e6 3. c4 Bb4+ 4. Bd2 Qe7 5. Bxb4 Qxb4+ 6. Qd2 Qxc4 7. e4 Qb4 8. Nc3 Nf6 9. Bd3 Nxd4 10. Nxd4 Qxd4 11. Nb5 Qb6 12. Rc1 c6 13. Nd6+ Ke7 14. e5 Ne8 15. Nc4 Qd4 16. Qe2 f6 17. Rd1 b5 18. Ne3 Qxe5 19. 0-0 Nd6 20. Rc1 f5 21. Nxf5+ Kf6 22. Nxd6 Qxd6 23. Qf3+ Ke7 24. Rfd1 Qe5 25. b3 Bb7 26. Rc2 Raf8 27. Qh3 Rf6 28. Rcd2 d5 29. Re2 Qd6 30. Qh4 Qf4 31. Qxf4 Rxf4 32. Rde1 Rf6 33. f4 g6 34. g4 Kd6 35. g5 Rxf4 36. Rxe6+ Kc7 37. Re7+ Kb6 38. Rg7 Rg4+ 39. Kh1 d4 40. h3 Rxg5 41. Ree7 Ba8 42. Be4 a6 43. b4 Rg3 44. Bg2 Ra3 45. Rd7 d3 46. Be4 Rxa2 47. Rxd3 a5 48. bxa5+ Rxa5 49. Rdd7 b4 50. h4 Rh5 0-1

[Event "Schleswig Holstein-ch Seniors op 11th"]
[Site "Buesum"]
[Date "2017.09.10"]
[Round "3"]
[White "Riha, Peter"]
[Black "Geibel, Henning"]
[Result "1-0"]
[WhiteElo "1736"]
[BlackElo "1475"]
[PlyCount "71"]
[EventDate "2017.09.08"]
[EventType "swiss"]
[EventRounds "9"]
[EventCountry "GER"]
[SourceTitle "EXT 2019"]
[Source "ChessBase"]
[SourceDate "2018.10.10"]
[SourceVersion "1"]
[SourceVersionDate "2018.10.10"]
[SourceQuality "1"]

1. d4 d5 2. Bf4 Nc6 3. e3 Bf5 4. c4 Nb4 5. Qa4+ Nc6 6. cxd5 Qxd5 7. Nc3 Qd7 8. d5 Nb8 9. Qb3 c6 10. e4 Bg6 11. Nf3 Nf6 12. Ne5 Qc8 13. Nxg6 hxg6 14. Bc4 b5 15. Bd3 Nbd7 16. Be3 Ne5 17. Be2 a6 18. Bf4 Ned7 19. dxc6 Qxc6 20. Rc1 Nc5 21. Qc2 Ncxe4 22. Nxe4 Qxc2 23. Nxf6+ exf6 24. Rxc2 Rh4 25. g3 Bb4+ 26. Kf1 Rh8 27. Kg2 Ke7 28. a3 Bd6 29. Bxd6+ Kxd6 30. Rd1+ Ke7 31. Rc7+ Ke6 32. Rdd7 Rhf8 33. Re7+ Kd6 34. Rcd7+ Kc5 35. b4+ Kb6 36. Rd6# 1-0

[Event "Rhein Main op-B 20th"]
[Site "Bad Homburg"]
[Date "2017.06.18"]
[Round "7"]
[White "Riha, Peter"]
[Black "Drescher, Alexander"]
[Result "0-1"]
[WhiteElo "1740"]
[BlackElo "1564"]
[PlyCount "62"]
[EventDate "2017.06.14"]
[EventType "swiss"]
[EventRounds "7"]
[EventCountry "GER"]
[SourceTitle "EXT 2018"]
[Source "ChessBase"]
[SourceDate "2017.10.13"]
[SourceVersion "1"]
[SourceVersionDate "2017.10.13"]
[SourceQuality "1"]

1. d4 Nf6 2. c4 c5 3. d5 b5 4. cxb5 a6 5. Nc3 g6 6. e4 d6 7. Nf3 Bg7 8. Qc2 0-0 9. Be2 axb5 10. Bxb5 Ba6 11. Bxa6 Nxa6 12. a3 Qa5 13. 0-0 Rfb8 14. Bd2 Nc7 15. Rfb1 Nd7 16. Na2 Qa4 17. Qxa4 Rxa4 18. Nc3 Bxc3 19. bxc3 Rxe4 20. Rxb8+ Nxb8 21. Re1 Rxe1+ 22. Nxe1 Nxd5 23. Kf1 Nc6 24. Ke2 Ne5 25. Nc2 Kf8 26. f4 Nc4 27. g3 Ke8 28. Kd3 Nxd2 29. Kxd2 f5 30. Kd3 Nb6 31. Ne3 e5 0-1

[Event "Rhein Main op-B 20th"]
[Site "Bad Homburg"]
[Date "2017.06.15"]
[Round "2"]
[White "Zannoni, Mila"]
[Black "Riha, Peter"]
[Result "1/2-1/2"]
[WhiteElo "1429"]
[BlackElo "1740"]
[PlyCount "41"]
[EventDate "2017.06.14"]
[EventType "swiss"]
[EventRounds "7"]
[EventCountry "GER"]
[SourceTitle "EXT 2018"]
[Source "ChessBase"]
[SourceDate "2017.10.13"]
[SourceVersion "1"]
[SourceVersionDate "2017.10.13"]
[SourceQuality "1"]

1. d4 Nf6 2. Nf3 b6 3. Bf4 Bb7 4. Nbd2 e6 5. e3 Be7 6. h3 0-0 7. Bd3 d5 8. 0-0 Nbd7 9. Re1 Ne4 10. Qe2 a6 11. a3 c5 12. c4 Nxd2 13. Nxd2 Nf6 14. Nf3 dxc4 15. Bxc4 b5 16. Ba2 Qb6 17. dxc5 Bxc5 18. b4 Be7 19. Rac1 Rac8 20. Be5 Rfd8 21. Bd4 1/2-1/2

[Event "Rhein Main op-B 20th"]
[Site "Bad Homburg"]
[Date "2017.06.14"]
[Round "1"]
[White "Riha, Peter"]
[Black "Roehm, Adrian"]
[Result "0-1"]
[WhiteElo "1740"]
[BlackElo "1414"]
[PlyCount "34"]
[EventDate "2017.06.14"]
[EventType "swiss"]
[EventRounds "7"]
[EventCountry "GER"]
[SourceTitle "EXT 2018"]
[Source "ChessBase"]
[SourceDate "2017.10.13"]
[SourceVersion "1"]
[SourceVersionDate "2017.10.13"]
[SourceQuality "1"]

1. d4 d5 2. Bf4 Bf5 3. c4 e6 4. Nc3 Nf6 5. Qb3 b6 6. Nb5 c6 7. Nc7+ Kd7 8. Nxa8 Bd6 9. Bxd6 Kxd6 10. c5+ bxc5 11. dxc5+ Ke7 12. Qb7+ Nbd7 13. Nc7 Ne4 14. Na6 Qa5+ 15. b4 Qa3 16. e3 Qc3+ 17. Ke2 Qc2+ 0-1

[Event "Kiel op-A 29th"]
[Site "Kiel"]
[Date "2016.08.04"]
[Round "8"]
[White "Rosmait, Emily"]
[Black "Riha, Peter"]
[Result "1-0"]
[WhiteElo "1920"]
[BlackElo "1743"]
[PlyCount "69"]
[EventDate "2016.07.30"]
[EventType "swiss"]
[EventRounds "9"]
[EventCountry "GER"]
[SourceTitle "EXT 2017"]
[Source "ChessBase"]
[SourceDate "2016.10.25"]
[SourceVersion "1"]
[SourceVersionDate "2016.10.25"]
[SourceQuality "1"]

1. e4 e5 2. Nf3 Nc6 3. Bb5 a6 4. Ba4 d6 5. c3 f5 6. exf5 Bxf5 7. 0-0 Bd3 8. Re1 Be7 9. Qb3 Rb8 10. Qd5 e4 11. Ng5 Bxg5 12. Qxd3 Nf6 13. Qg3 Bh6 14. f3 d5 15. fxe4 dxe4 16. Bb3 Qd6 17. Qh3 Na5 18. Be6 Kd8 19. b3 Qb6+ 20. Kh1 Qf2 21. Rg1 Re8 22. Na3 Qb6 23. Bf5 e3 24. dxe3 Re7 25. e4 Bxc1 26. Raxc1 g6 27. Rcd1+ Ke8 28. e5 gxf5 29. exf6 Qxf6 30. Rd5 Nc6 31. Rxf5 Qg6 32. Rgf1 Qg7 33. Qf3 Rd8 34. Rf8+ Kd7 35. Qf5+ 1-0

[Event "Kiel op-A 29th"]
[Site "Kiel"]
[Date "2016.08.02"]
[Round "6"]
[White "Keyser, Robin"]
[Black "Riha, Peter"]
[Result "0-1"]
[WhiteElo "1925"]
[BlackElo "1743"]
[PlyCount "120"]
[EventDate "2016.07.30"]
[EventType "swiss"]
[EventRounds "9"]
[EventCountry "GER"]
[SourceTitle "CBM 173 Extra"]
[Source "ChessBase"]
[SourceDate "2016.08.29"]
[SourceVersion "1"]
[SourceVersionDate "2016.08.29"]
[SourceQuality "1"]

1. Nf3 d5 2. d4 Nf6 3. c4 c6 4. e3 Bg4 5. h3 Bxf3 6. Qxf3 e6 7. Nc3 Be7 8. Bd3 Nbd7 9. 0-0 0-0 10. Rd1 Qb6 11. e4 dxe4 12. Nxe4 Rfd8 13. Be3 Qa5 14. Bd2 Qb6 15. Bc3 Nxe4 16. Qxe4 Nf8 17. Rab1 Bf6 18. Qf4 Rd7 19. Qd2 Qd8 20. Qe3 Bg5 21. Qf3 Bf6 22. Be4 Bxd4 23. Bxd4 Rxd4 24. Rxd4 Qxd4 25. Qd3 Qxd3 26. Bxd3 Rd8 27. Rd1 Ng6 28. Be2 Rxd1+ 29. Bxd1 c5 30. g3 Ne5 31. Be2 b6 32. a3 a5 33. Kf1 Kf8 34. Ke1 Ke7 35. Kd2 Kd6 36. Kc3 Nc6 37. f4 f6 38. Bf3 e5 39. Bxc6 Kxc6 40. fxe5 fxe5 41. Kd3 Kd6 42. a4 h5 43. Ke4 Ke6 44. g4 hxg4 45. hxg4 Kf6 46. Kd5 Kg5 47. Kxe5 Kxg4 48. Kd5 g5 49. Kc6 Kf3 50. Kxb6 g4 51. Kxc5 g3 52. Kb5 g2 53. Kxa5 g1Q 54. b4 Qa7+ 55. Kb5 Qb7+ 56. Kc5 Ke4 57. b5 Qc7+ 58. Kb4 Kd4 59. c5 Qxc5+ 60. Ka5 Kc3 0-1

[Event "Kiel op-A 29th"]
[Site "Kiel"]
[Date "2016.07.30"]
[Round "2"]
[White "Riha, Peter"]
[Black "Apitzsch, Leon Fabian"]
[Result "1/2-1/2"]
[WhiteElo "1743"]
[BlackElo "1841"]
[PlyCount "83"]
[EventDate "2016.07.30"]
[EventType "swiss"]
[EventRounds "9"]
[EventCountry "GER"]
[SourceTitle "CBM 173 Extra"]
[Source "ChessBase"]
[SourceDate "2016.08.29"]
[SourceVersion "1"]
[SourceVersionDate "2016.08.29"]
[SourceQuality "1"]

1. d4 Nf6 2. c4 e6 3. Nf3 b6 4. g3 Ba6 5. Qa4 Be7 6. Bg2 Bb7 7. 0-0 0-0 8. Nc3 c5 9. Rd1 cxd4 10. Nxd4 Bxg2 11. Kxg2 Qc7 12. e4 d6 13. f3 Nbd7 14. Nc6 Nc5 15. Nxe7+ Qxe7 16. Qc2 a6 17. Bf4 Rfd8 18. Qe2 Rac8 19. Rd2 e5 20. Be3 Qc7 21. Rad1 Ne6 22. Nd5 Nxd5 23. Rxd5 h6 24. b3 Kf8 25. Qd2 Ke7 26. Qb4 Rb8 27. Rxe5 a5 28. Qa3 a4 29. Red5 axb3 30. axb3 Ra8 31. Qb4 Nc5 32. Qc3 f6 33. Bf4 Nb7 34. Qb4 Ra2+ 35. R5d2 Rxd2+ 36. Rxd2 Qc5 37. Qc3 Qc7 38. Rd5 Nc5 39. Be3 Ra8 40. Qb2 Nd7 41. Bf4 Ne5 42. Be3 1/2-1/2

[Event "Kiel op-A 29th"]
[Site "Kiel"]
[Date "2016.07.30"]
[Round "1"]
[White "Wunder, Niklas"]
[Black "Riha, Peter"]
[Result "1-0"]
[WhiteElo "2089"]
[BlackElo "1743"]
[PlyCount "77"]
[EventDate "2016.07.30"]
[EventType "swiss"]
[EventRounds "9"]
[EventCountry "GER"]
[SourceTitle "CBM 173 Extra"]
[Source "ChessBase"]
[SourceDate "2016.08.29"]
[SourceVersion "1"]
[SourceVersionDate "2016.08.29"]
[SourceQuality "1"]

1. e4 e5 2. Nf3 Nc6 3. Bb5 a6 4. Ba4 d6 5. 0-0 Bd7 6. c3 Nge7 7. d4 Ng6 8. Re1 Be7 9. Nbd2 h6 10. d5 Nb8 11. Bxd7+ Nxd7 12. Nf1 Bg5 13. Nxg5 hxg5 14. g3 Qf6 15. Qg4 Qe7 16. Bxg5 Nf6 17. Qe2 0-0-0 18. Ne3 Qd7 19. Bxf6 gxf6 20. Qg4 Rh3 21. f3 Rdh8 22. Re2 Kd8 23. Qxd7+ Kxd7 24. b4 Ne7 25. a4 b6 26. a5 b5 27. c4 c6 28. c5 dxc5 29. bxc5 f5 30. dxc6+ Nxc6 31. Nxf5 Kc7 32. Rf2 R8h7 33. Ne3 Nd4 34. Ng4 Nc6 35. Ra3 Rh8 36. Rd3 Re8 37. Rfd2 Nd4 38. Nxe5 Nxf3+ 39. Nxf3 1-0

[Event "Rhein Main op-B 19th"]
[Site "Bad Homburg"]
[Date "2016.05.28"]
[Round "5"]
[White "Happel, Juergen"]
[Black "Riha, Peter"]
[Result "0-1"]
[WhiteElo "1573"]
[BlackElo "1741"]
[PlyCount "98"]
[EventDate "2016.05.25"]
[EventType "swiss"]
[EventRounds "7"]
[EventCountry "GER"]
[SourceTitle "EXT 2017"]
[Source "ChessBase"]
[SourceDate "2016.10.25"]
[SourceVersion "1"]
[SourceVersionDate "2016.10.25"]
[SourceQuality "1"]

1. d4 Nf6 2. h3 d5 3. Bf4 c5 4. c3 Qb6 5. Qb3 c4 6. Qxb6 axb6 7. Nf3 Bf5 8. Nbd2 e6 9. g4 Bg6 10. Bg2 h6 11. 0-0 b5 12. Rfe1 Nc6 13. Nh2 Ne4 14. Nxe4 Bxe4 15. Bxe4 dxe4 16. b3 g5 17. Be3 Na5 18. Reb1 Kd7 19. bxc4 Nxc4 20. Rxb5 Nd6 21. Rb3 Be7 22. Nf1 f5 23. f3 f4 24. Bc1 e3 25. Ba3 Rhb8 26. Bxd6 Bxd6 27. a4 Bc7 28. Rb5 Ra5 29. d5 exd5 30. Rd1 Rxb5 31. axb5 Ke6 32. Rb1 Be5 33. Rb3 Rc8 34. b6 Rxc3 35. Rb5 Rc6 36. h4 Bd4 37. Ra5 Rxb6 38. Ra8 gxh4 39. Nh2 Rb1+ 40. Kg2 Re1 41. g5 Rxe2+ 42. Kh3 hxg5 43. Ng4 Rd2 44. Nh6 e2 45. Ng4 Kd7 46. Nh6 e1Q 47. Nf5 Qe6 48. Kg4 h3 49. Kxh3 Qxf5# 0-1

[Event "Rhein Main op-B 19th"]
[Site "Bad Homburg"]
[Date "2016.05.26"]
[Round "3"]
[White "Tobias, Christian"]
[Black "Riha, Peter"]
[Result "0-1"]
[WhiteElo "1463"]
[BlackElo "1741"]
[PlyCount "72"]
[EventDate "2016.05.25"]
[EventType "swiss"]
[EventRounds "7"]
[EventCountry "GER"]
[SourceTitle "EXT 2017"]
[Source "ChessBase"]
[SourceDate "2016.10.25"]
[SourceVersion "1"]
[SourceVersionDate "2016.10.25"]
[SourceQuality "1"]

1. e4 e5 2. Nf3 Nc6 3. Bc4 Nf6 4. d3 Be7 5. Nc3 d6 6. h3 0-0 7. Bg5 Na5 8. Qd2 Nxc4 9. dxc4 Be6 10. Bxf6 Bxf6 11. Nd5 Be7 12. 0-0 f5 13. exf5 Rxf5 14. Qd3 Qd7 15. Qe4 c6 16. Nxe7+ Qxe7 17. Rad1 Rf4 18. Qd3 Bxc4 19. Qxd6 Qxd6 20. Rxd6 Bxf1 21. Kxf1 e4 22. Ng5 Raf8 23. f3 h6 24. Nxe4 Rxe4 25. Rd7 Rb4 26. b3 Rf7 27. Rd3 Rb5 28. c4 Re5 29. Kf2 Rfe7 30. g4 Re2+ 31. Kg3 R2e3 32. Rxe3 Rxe3 33. Kf4 Re2 34. a4 Rb2 35. g5 hxg5+ 36. Kxg5 Rxb3 0-1

[Event "Schleswig Holstein-ch Seniors op 9th"]
[Site "Buesum"]
[Date "2015.10.02"]
[Round "5"]
[White "Riha, Peter"]
[Black "Harders, Werner"]
[Result "1/2-1/2"]
[WhiteElo "1787"]
[BlackElo "1569"]
[PlyCount "82"]
[EventDate "2015.09.28"]
[EventType "swiss"]
[EventRounds "9"]
[EventCountry "GER"]
[SourceTitle "EXT 2018"]
[Source "ChessBase"]
[SourceDate "2017.10.13"]
[SourceVersion "1"]
[SourceVersionDate "2017.10.13"]
[SourceQuality "1"]

1. d4 f5 2. Bf4 e6 3. e3 d5 4. c4 c6 5. Nf3 Nf6 6. Nc3 Bb4 7. Qc2 0-0 8. Bd3 Ne4 9. 0-0 Nd7 10. a3 Bxc3 11. bxc3 Ndf6 12. Ne5 Nh5 13. Bg3 Nhxg3 14. fxg3 Qg5 15. Rf3 Nf6 16. Raf1 Bd7 17. Qe2 Be8 18. Qd2 Bh5 19. R3f2 Bg6 20. Rf4 h5 21. Nf3 Qh6 22. h4 Ne4 23. Bxe4 fxe4 24. Ng5 Rxf4 25. Rxf4 Bf5 26. Qb2 b6 27. Qb4 Qg6 28. Qd6 Qe8 29. Rf1 Rd8 30. Qb4 Qd7 31. a4 Qc7 32. Kh2 a5 33. Qb3 Rf8 34. Rb1 Rb8 35. Qa2 Qd6 36. Rb2 g6 37. Qb1 c5 38. cxd5 exd5 39. Rc2 Rc8 40. Rb2 Rb8 41. Qf1 c4 1/2-1/2

[Event "Schleswig Holstein-ch Seniors op 9th"]
[Site "Buesum"]
[Date "2015.10.01"]
[Round "4"]
[White "Schmidt, Reinhard"]
[Black "Riha, Peter"]
[Result "1-0"]
[WhiteElo "1919"]
[BlackElo "1787"]
[PlyCount "49"]
[EventDate "2015.09.28"]
[EventType "swiss"]
[EventRounds "9"]
[EventCountry "GER"]
[SourceTitle "EXT 2018"]
[Source "ChessBase"]
[SourceDate "2017.10.13"]
[SourceVersion "1"]
[SourceVersionDate "2017.10.13"]
[SourceQuality "1"]

1. e4 e5 2. Bc4 Nf6 3. d3 Nc6 4. Ne2 d5 5. exd5 Nxd5 6. 0-0 Nb6 7. Bb3 Bd6 8. Nbc3 Na5 9. f4 Nxb3 10. axb3 exf4 11. Bxf4 Bxf4 12. Rxf4 0-0 13. Qf1 c5 14. Qf3 Nd7 15. Ne4 Qc7 16. N2c3 Ne5 17. Qe3 Ng6 18. Rf2 b6 19. Raf1 Bb7 20. Qh3 h6 21. Nb5 Qe7 22. Ned6 Bd5 23. Nf5 Qb7 24. Qg3 Nh8 25. Qxg7# 1-0

[Event "Schleswig Holstein-ch Seniors op 9th"]
[Site "Buesum"]
[Date "2015.09.28"]
[Round "1"]
[White "Riha, Peter"]
[Black "Kierzek, Mira"]
[Result "1/2-1/2"]
[WhiteElo "1787"]
[BlackElo "2054"]
[PlyCount "86"]
[EventDate "2015.09.28"]
[EventType "swiss"]
[EventRounds "9"]
[EventCountry "GER"]
[SourceTitle "EXT 2018"]
[Source "ChessBase"]
[SourceDate "2017.10.13"]
[SourceVersion "1"]
[SourceVersionDate "2017.10.13"]
[SourceQuality "1"]

1. d4 d5 2. Bf4 c6 3. e3 Nf6 4. c4 e6 5. Nc3 Nbd7 6. Nf3 Be7 7. Ne5 0-0 8. Bd3 dxc4 9. Nxc4 a6 10. 0-0 c5 11. dxc5 Nxc5 12. Be2 Nd5 13. Nxd5 exd5 14. Ne5 Ne6 15. Bg3 d4 16. Qb3 Nc5 17. Qd1 dxe3 18. Qxd8 Bxd8 19. fxe3 Ne4 20. Be1 Bf6 21. Nd3 Bg5 22. Nf4 Bd7 23. Bf3 Bc6 24. Rd1 Rad8 25. Ba5 Rxd1 26. Rxd1 Re8 27. Bb6 h6 28. a3 Bh4 29. Be2 Bg5 30. Bf3 Bf6 31. Bd4 Rd8 32. Bxf6 Rxd1+ 33. Bxd1 Nxf6 34. Bf3 Bxf3 35. gxf3 Kf8 36. Kf2 Ke7 37. e4 Nd7 38. Nd3 Kd6 39. Ke3 f6 40. f4 Ke6 41. Kf3 g5 42. Kg4 gxf4 43. Kxf4 b6 1/2-1/2

[Event "Kiel op 28th"]
[Site "Kiel"]
[Date "2015.07.29"]
[Round "7"]
[White "Friedel, Roland"]
[Black "Riha, Peter"]
[Result "1/2-1/2"]
[WhiteElo "1691"]
[BlackElo "1787"]
[PlyCount "28"]
[EventDate "2015.07.25"]
[EventType "swiss"]
[EventRounds "9"]
[EventCountry "GER"]
[SourceTitle "CBM 167 Extra"]
[Source "ChessBase"]
[SourceDate "2015.09.14"]
[SourceVersion "1"]
[SourceVersionDate "2015.09.14"]
[SourceQuality "1"]

1. d4 Nf6 2. Nf3 b6 3. Bg5 e6 4. Nbd2 Be7 5. e3 Bb7 6. Bd3 0-0 7. 0-0 h6 8. Bh4 d5 9. Re1 Nbd7 10. e4 dxe4 11. Nxe4 Nxe4 12. Bxe7 Qxe7 13. Bxe4 Bxe4 14. Rxe4 Nf6 1/2-1/2

[Event "Kiel op 28th"]
[Site "Kiel"]
[Date "2015.07.27"]
[Round "5"]
[White "Karlisch, Moritz"]
[Black "Riha, Peter"]
[Result "1-0"]
[WhiteElo "1722"]
[BlackElo "1787"]
[PlyCount "50"]
[EventDate "2015.07.25"]
[EventType "swiss"]
[EventRounds "9"]
[EventCountry "GER"]
[SourceTitle "CBM 167 Extra"]
[Source "ChessBase"]
[SourceDate "2015.09.14"]
[SourceVersion "1"]
[SourceVersionDate "2015.09.14"]
[SourceQuality "1"]

1. d4 Nf6 2. Bg5 e6 3. e4 h6 4. Bxf6 Qxf6 5. Nf3 d6 6. c4 g6 7. Nc3 Bg7 8. Qd2 0-0 9. Be2 b6 10. 0-0 Bb7 11. d5 Nd7 12. Rac1 a5 13. Ne1 Nc5 14. Qc2 Qe7 15. b3 Rae8 16. Bf3 Bc8 17. Nd3 Nxd3 18. Qxd3 e5 19. a3 Kh7 20. b4 axb4 21. axb4 Bb7 22. c5 dxc5 23. bxc5 bxc5 24. Na4 Ra8 25. Nxc5 Ba6 1-0

[Event "Kiel op 28th"]
[Site "Kiel"]
[Date "2015.07.26"]
[Round "3"]
[White "Gutierrez Bolado, Juan Antonio"]
[Black "Riha, Peter"]
[Result "1/2-1/2"]
[WhiteElo "1669"]
[BlackElo "1787"]
[PlyCount "100"]
[EventDate "2015.07.25"]
[EventType "swiss"]
[EventRounds "9"]
[EventCountry "GER"]
[SourceTitle "CBM 167 Extra"]
[Source "ChessBase"]
[SourceDate "2015.09.14"]
[SourceVersion "1"]
[SourceVersionDate "2015.09.14"]
[SourceQuality "1"]

1. e4 e5 2. Nf3 Nc6 3. Bc4 Nf6 4. Ng5 d5 5. exd5 Nd4 6. c3 b5 7. Bb3 Nxb3 8. Qxb3 Qxd5 9. Qxd5 Nxd5 10. 0-0 f6 11. Nf3 Bg4 12. d3 Bxf3 13. gxf3 Kf7 14. Be3 Be7 15. d4 Nxe3 16. fxe3 exd4 17. cxd4 Rhd8 18. Rd1 f5 19. Nc3 b4 20. Ne2 Rd6 21. f4 Rh6 22. Rac1 Bd6 23. Ng3 Ke6 24. Rc2 b3 25. axb3 Rb8 26. Rd3 Rf6 27. Kf2 Rff8 28. Rdc3 Rb6 29. Ne2 Rf6 30. Kf3 Rh6 31. Ng3 Rf6 32. h4 Rf8 33. Ne2 Rfb8 34. Nc1 g6 35. Rg2 Rg8 36. h5 Rbb8 37. hxg6 Rxg6 38. Rcc2 Rbg8 39. Rxg6+ Rxg6 40. Rg2 Rxg2 41. Kxg2 c5 42. dxc5 Bxc5 43. Kf3 Bb4 44. Nd3 Bd6 45. e4 fxe4+ 46. Kxe4 Be7 47. f5+ Kf6 48. Kf4 Bd6+ 49. Kg4 h5+ 50. Kxh5 Kxf5 1/2-1/2

[Event "Rhein Main op-B 17th"]
[Site "Bad Homburg"]
[Date "2014.06.21"]
[Round "5"]
[White "Steidel, Christian"]
[Black "Riha, Peter"]
[Result "0-1"]
[WhiteElo "1392"]
[BlackElo "1789"]
[PlyCount "66"]
[EventDate "2014.06.18"]
[EventType "swiss"]
[EventRounds "9"]
[EventCountry "GER"]
[SourceTitle "CBM 161 Extra"]
[Source "ChessBase"]
[SourceDate "2014.08.29"]
[SourceVersion "1"]
[SourceVersionDate "2014.08.29"]
[SourceQuality "1"]

1. d4 Nf6 2. c4 e5 3. dxe5 Ng4 4. Bf4 Nc6 5. Nf3 Bb4+ 6. Nc3 Bxc3+ 7. bxc3 Qe7 8. Qd5 f6 9. exf6 Nxf6 10. Qd3 d6 11. e3 0-0 12. Be2 Ne4 13. 0-0 Nc5 14. Qc2 Bf5 15. Qd1 Bg4 16. Nd4 Bxe2 17. Nxe2 Kh8 18. Rb1 Rae8 19. Re1 b6 20. Qd5 Na5 21. Rb4 Qd7 22. Bg3 Rf5 23. Qd1 Ne4 24. f3 Nxg3 25. Nxg3 Rc5 26. Qd3 Nc6 27. Rb5 Ne5 28. Qd4 Rxc4 29. Rxe5 Rxd4 30. Rxe8+ Qxe8 31. cxd4 Qc6 32. Re2 Qc4 33. Kf2 b5 0-1

[Event "Karl Mala Memorial op-A 16th"]
[Site "Frankfurt"]
[Date "2013.07.13"]
[Round "4"]
[White "Riha, Peter"]
[Black "Guth, Susanne"]
[Result "1-0"]
[WhiteElo "1812"]
[BlackElo "1731"]
[PlyCount "39"]
[EventDate "2013.07.11"]
[EventType "swiss"]
[EventRounds "7"]
[EventCountry "GER"]
[SourceTitle "EXT 2014"]
[Source "ChessBase"]
[SourceDate "2013.11.20"]
[SourceVersion "1"]
[SourceVersionDate "2013.11.20"]
[SourceQuality "1"]

1. d4 d5 2. Bf4 Nf6 3. e3 e6 4. Nd2 Be7 5. Bd3 Nbd7 6. c3 0-0 7. Ngf3 c5 8. Ne5 cxd4 9. exd4 a6 10. Qf3 Nxe5 11. dxe5 Ne8 12. Qh3 f5 13. exf6 Nxf6 14. Be5 Rf7 15. Bxf6 gxf6 16. 0-0-0 e5 17. Bf5 Bxf5 18. Qxf5 Qa5 19. Kb1 Rc8 20. Qxc8+ 1-0

[Event "Karl Mala Memorial op-A 16th"]
[Site "Frankfurt"]
[Date "2013.07.12"]
[Round "2"]
[White "Riha, Peter"]
[Black "Roggensack, Hans Peter"]
[Result "1/2-1/2"]
[WhiteElo "1812"]
[BlackElo "1950"]
[PlyCount "69"]
[EventDate "2013.07.11"]
[EventType "swiss"]
[EventRounds "7"]
[EventCountry "GER"]
[SourceTitle "EXT 2014"]
[Source "ChessBase"]
[SourceDate "2013.11.20"]
[SourceVersion "1"]
[SourceVersionDate "2013.11.20"]
[SourceQuality "1"]

1. d4 d5 2. Bf4 c5 3. e3 Nc6 4. c3 Qb6 5. Qb3 Nf6 6. dxc5 Qxc5 7. Nf3 e6 8. Be2 Be7 9. h3 0-0 10. 0-0 Ne4 11. Rd1 Bf6 12. Nbd2 Nxd2 13. Rxd2 b6 14. Rad1 Bb7 15. c4 Na5 16. Qc2 Nxc4 17. Bxc4 Qxc4 18. Qxc4 dxc4 19. Ne5 c3 20. bxc3 Bd5 21. c4 Bxe5 22. Bxe5 Bxc4 23. a3 Bd5 24. f3 Rfc8 25. Rd3 f6 26. Bd6 Rc6 27. Bb4 f5 28. Kf2 Rac8 29. g4 a5 30. Be1 Rc2+ 31. Kg3 f4+ 32. exf4 Ra2 33. Bf2 b5 34. Rb1 Rb8 35. Bc5 1/2-1/2

[Event "Frankfurt-chA"]
[Site "Frankfurt"]
[Date "2013.06.17"]
[Round "7"]
[White "Friedel, Thomas"]
[Black "Riha, Peter"]
[Result "1-0"]
[WhiteElo "1609"]
[BlackElo "1812"]
[PlyCount "61"]
[EventDate "2013.04.29"]
[EventType "swiss"]
[EventRounds "7"]
[EventCountry "GER"]
[SourceTitle "EXT 2014"]
[Source "ChessBase"]
[SourceDate "2013.11.20"]
[SourceVersion "1"]
[SourceVersionDate "2013.11.20"]
[SourceQuality "1"]

1. e4 e5 2. Nf3 Nc6 3. Bc4 Nf6 4. d3 Be7 5. Be3 d6 6. h3 Be6 7. Nbd2 d5 8. Bb5 Qd6 9. c3 0-0 10. Bxc6 bxc6 11. 0-0 c5 12. exd5 Bxd5 13. Nb3 Qc6 14. Nxe5 Qb7 15. Nf3 c4 16. dxc4 Bxc4 17. Re1 Rfd8 18. Qc2 Bd3 19. Qc1 Be4 20. Nbd2 Bd5 21. Bxa7 Bd6 22. Bd4 Rxa2 23. Rxa2 Bxa2 24. Qc2 Bf4 25. b3 Bxd2 26. Nxd2 Ra8 27. Ra1 Qa6 28. Nf3 Nd7 29. Ng5 g6 30. Qe4 Qc8 31. Qe7 1-0

[Event "Frankfurt-chA"]
[Site "Frankfurt"]
[Date "2013.06.10"]
[Round "6"]
[White "Riha, Peter"]
[Black "Lehmann, Gerit"]
[Result "1/2-1/2"]
[WhiteElo "1812"]
[BlackElo "1437"]
[PlyCount "72"]
[EventDate "2013.04.29"]
[EventType "swiss"]
[EventRounds "7"]
[EventCountry "GER"]
[SourceTitle "EXT 2014"]
[Source "ChessBase"]
[SourceDate "2013.11.20"]
[SourceVersion "1"]
[SourceVersionDate "2013.11.20"]
[SourceQuality "1"]

1. d4 Nf6 2. c4 e6 3. Nf3 b6 4. g3 Bb7 5. Bg2 Be7 6. 0-0 0-0 7. Nc3 Ne4 8. Nxe4 Bxe4 9. Ne1 Bxg2 10. Nxg2 d5 11. Qa4 Qd7 12. Qxd7 Nxd7 13. cxd5 exd5 14. Nf4 Nf6 15. b3 Rac8 16. Bb2 c5 17. dxc5 Rxc5 18. Rac1 Rfc8 19. Rxc5 Rxc5 20. Rc1 Rxc1+ 21. Bxc1 Bd6 22. Nd3 Kf8 23. Kg2 Ke7 24. Bg5 h6 25. Bxf6+ Kxf6 26. Kf3 g5 27. h3 Kg6 28. b4 a6 29. Ke3 Kf6 30. Kd4 Ke6 31. e3 f6 32. f4 f5 33. g4 fxg4 34. hxg4 Be7 35. Kc3 Bf6+ 36. Kd2 Kd6 1/2-1/2